| 000 | 01141cad a22002415a 4500 | ||
|---|---|---|---|
| 001 | L148774 | ||
| 008 | 091109s2009 xxkabo f 000 0 eng d | ||
| 020 | _a9781846330247 | ||
| 035 | _a(Sirsi) u148774 | ||
| 041 | 0 | _aeng | |
| 050 | 0 | 4 | _a711.1 $2 18 |
| 110 | 2 |
_aCommission for Architecture and the Built Environment _94058 |
|
| 245 | 0 | 0 |
_aPlanning for places _bdelivering good design through core strategies _h[electronic resource] |
| 260 |
_aLondon _bCABE _c2009 |
||
| 520 | _aExplains how local authorities can integrate design quality in spatial planning strategies. Provides guidance on good practice in writing core strategies. Provides as cases studies: the London Boroughs of Tower Hamlets and Camden; Brighton and Hove City Council; and the City of York Council. | ||
| 521 | _aAdvanced | ||
| 590 | _aKA NTK | ||
| 651 | 4 |
_aEngland _y886- |
|
| 690 | _aBUILT ENVIRONMENT-CONSTRUCTION MANAGEMENT-CONSTRUCTION DESIGN AND MANAGEMENT | ||
| 690 |
_aPlanning and development _96259 |
||
| 856 | 4 | 0 |
_uhttps://www.cabe.org.uk/publications/planning-for-places _zView the publication free of charge at www.cabe.org.uk... |
| 942 |
_n0 _2ddc |
||
| 999 |
_c110218 _d110218 |
||